Monitorovanie zamestnancov

Monitorovanie zamestnancov pomocou biometrických údajov. Pojem biometrický údaj. Dôvody pre monitorovanie zamestnancov pomocou biometrických údajov. Monitorovanie zamestnancov pomocou GPS. Sledovanie zamestnancov prostredníctvom sociálnych sietí. Legitimita zásahu do práva na súkromie.

Na minha lista:
Detalhes bibliográficos
Autor principal: Petríková, Lucia
Formato: Capítulo de Livro
Idioma:eslovaco
Assuntos:
Tags: Adicionar Tag
Sem tags, seja o primeiro a adicionar uma tag!

MARC

LEADER 00000naa a2200000 4500
001 0243972
005 20180608133012.1
041 0 |a slo 
044 |a SK 
245 1 0 |a Monitorovanie zamestnancov  |c Lucia Petríková 
520 |a Monitorovanie zamestnancov pomocou biometrických údajov. Pojem biometrický údaj. Dôvody pre monitorovanie zamestnancov pomocou biometrických údajov. Monitorovanie zamestnancov pomocou GPS. Sledovanie zamestnancov prostredníctvom sociálnych sietí. Legitimita zásahu do práva na súkromie. 
610 2 0 |a zamestnanci 
610 2 0 |a zamestnávatelia 
610 2 0 |a pracovisko 
610 2 0 |a čas pracovný 
610 2 0 |a kontrola 
610 2 0 |a zákonník práce 
610 2 0 |a legislatíva 
610 2 0 |a siete sociálne 
610 2 0 |a informácie 
100 1 |a Petríková, Lucia